000 00985nam a22003137a 4500
003 CHAP
005 20220329134533.0
008 971013s1928 r 00010 d
010 _a21826
011 _a22798
035 _a26893
040 _cCHAP
082 _a581.5
_bC54
100 0 0 _aClements, Frederic Edward.
_923776
245 _aPlant succession and indicators
260 _aNew York :
_bHafner,
_c1928
300 _a453 p.
_b: láms. ; ilus. ; gráfs.
504 _aBibliografía de la pp. 438-453
590 _aBATCH-UPD
_b10
_c20130110
_lUCH01
_h0330
590 _aBATCH-UPD
_b10
_c20130110
_lUCH01
_h2000
590 _aBATCH-UPD
_b10
_c20130410
_lUCH01
_h0003
590 _aBATCH-UPD
_b10
_c20130914
_lUCH01
_h0948
590 _aCONVERSION
_b10
_c20130109
_lUCH01
_h1313
650 1 4 _aClima y vegetación.
_923863
650 1 4 _aEcología vegetal.
_935188
901 _aBK
942 _cLIBRO
949 _a581.5 C54
_bBC
_cLIBRO
_d33724000540274
_eLIBRO
_h61180
_i26893
_si
_t519.00
999 _c21826
_d21826